000 00382nam a2200169Ia 4500
003 Ost
005 20260225132600.0
008 260225s9999||||xx |||||||||||||| ||und||
020 _a9791092272024
040 _cfsic
041 _afre
082 _a70.4
100 _asami zlitni
_eAuteur
245 0 _acommunication electronique /
245 0 _csami zlitni
942 _cكتاب
999 _c34704
_d34704